000 00439cam a22001097a 4500
008 180718b1965 xxu||||| |||| 00| 0 eng d
082 _aK5x73 Un3/1965
245 _aEducation and training: the bridge between man and his work
_cby The Department of Health, Education and Welfare, United S
260 _aWashington
_bGovernment Printing Office
_c1965
300 _a61p.
700 _aUnited States. The Department of Health, Education and Welfare
999 _c500009
_d500009